00744 a2200217 4500003000500000005001700005010001600022020001500038035002000053040000900073082001700082100002000099245009000119260003700209300003500246650004700281650002100328650001900349856008500368856007300453Nust20170207152320.0 a 95081167 a007016763X a(OCoLC)34275671 cNust00a658.4/0380111 aDewitz, Sandra.10aSystems analysis and design and the transition to objects /cSandra Donaldson Dewitz. aNew York :bMcGraw-Hill ;c1996. axvii, 557 p. :bill. ;c24 cm. 0aObject-oriented methods (Computer science) 0aSystem analysis. 0aSystem design.423Publisher descriptionuhttp://www.loc.gov/catdir/description/mh022/95081167.html423Table of contentsuhttp://www.loc.gov/catdir/toc/mh022/95081167.html